000 01117nam a2200289 i 4500
001 39399
003 ES-MaACL
005 20240110062955.0
007 t|
008 030303s1878 sp ||||1| spa d
040 _cES-MaACL
080 _a821.134.2-32"18"
100 1 _aCampillo y Correa, Narciso,
_d1835-1900
_eaut
_934174
245 1 4 _aUna docena de cuentos /
_cpor D. Narciso Campillo y Correa ; con un prólogo de Juan Valera.
260 _aMadrid :
_bOficinas de La Ilustración Española y Americana,
_c1878 (
_fImp., estereotipia y galvanoplastia de Aribau y Cª)
300 _aXIV, 336 p. ;
_c21 cm.
490 1 _aBiblioteca selecta de autores contemporáneos
530 _aDisponible en formato digital.
655 7 _aCuentos
_9226829
700 1 _aValera, Juan,
_d1824-1905
_9112638
_eaui
830 1 _aBiblioteca selecta de autores contemporáneos
_9188205
852 _aES-MaACL
_jB-3074
856 _uhttp://bdh-rd.bne.es/viewer.vm?id=0000253942&page=1
_zBiblioteca Digital Hispánica
942 _cMONOGRAFIA
_n0
999 _c39399
_d39399